[Event "V Sunway Sitges Open 2018"]
[Site "Sitges"]
[Date "2018.12.20"]
[Round "7"]
[White "Garcia Ramos, Daniel"]
[Black "Sosa, Tomas"]
[Result "0-1"]
[WhiteElo "2304"]
[BlackElo "2488"]
[Annotator "TA"]
[PlyCount "90"]
[EventDate "2018.12.14"]
[EventType "swiss"]
[EventCountry "ESP"]
[SourceTitle "playchess.com"]
[Source "ChessBase"]
[SourceQuality "1"]

{[%evp 25,90,41,34,0,14,0,8,-22,47,43,44,38,52,0,0,0,0,0,0,0,-9,0,0,0,0,-64,-68,-80,-77,-70,-62,-121,-116,-318,-310,-443,-479,-472,-470,-464,-477,-1054,-529,-524,-532,-532,-532,-520,-525,-518,-515,-570,-567,-556,-548,-627,-614,-736,-733,-721,-682,-29977,-29979,-29996,-29997,-29997,-29998]} 1. e4 e5 2. Nf3 Nc6 3. Bb5 a6 4. Ba4 Nf6 {[%cal Bg8f6,Bf6d7,Bd7c5,Bc5e6,Be6f4][%mdl 32]} 5. d3 d6 6. c3 g6 7. O-O Bg7 8. Re1 O-O 9. Nbd2 Nd7 10. Nf1 Nc5 11. Bc2 {C77: Ruy Lopez: 3...a6 4 Ba4 Nf6, unusual lines} (11. Bxc6 bxc6 12. d4 exd4 13. cxd4 Ne6 14. Ng3 c5 15. dxc5 Nxc5 16. Bg5 Qe8 17. Qd2 Bg4 18. Bh6 Bxf3 19. Bxg7 Kxg7 20. gxf3 {1-0 (52) Anand,V (2759)-Caruana,F (2816) Leuven 2018}) 11... Ne6 12. Ng3 Qf6 13. Be3 Nf4 {LiveBook: 4 Games} 14. Qd2 Bg4 15. Bd1 h5 16. h3 Bd7 $146 ({Better is} 16... Bxf3 $1 $11 17. Bxf3 a5) ({Predecessor:} 16... Bxf3 17. Bxf3 Nxh3+ 18. gxh3 Qxf3 {1-0 (90) Lettieri,G (2417)-Ortega,L (2480) Gallipoli 2017}) 17. d4 $14 {dxe5 is the strong threat.} Rad8 18. Ne2 {[%cal Re2f4]} g5 19. h4 (19. d5 $14 Ne7 20. a4) 19... Nxe2+ $1 $11 20. Bxe2 g4 21. d5 gxf3 22. dxc6 Bxc6 23. Bxf3 {aiming for Bg5.} Qg6 24. Qd1 Bf6 $40 {[%mdl 128] Black mounts an attack.} 25. Bxh5 (25. Bd2 $11) 25... Qxe4 $15 {[%csl Gc6][%cal Re4g2]} 26. Bf3 Qxh4 27. Bxc6 bxc6 28. Qf3 (28. Bd2 $15) 28... Kg7 $1 $17 29. Qxc6 $2 {[#]} (29. g3 $17 Qh3 30. Qh1 Qxh1+ 31. Kxh1) 29... d5 $1 $19 {[%cal Bd6d5,Bd5d4,Bd4d3][%mdl 32]} ({Don't take} 29... Rh8 30. Kf1 $19) 30. Rad1 ({Wrong is} 30. g3 $2 Qh3 $19) (30. Kf1 {keeps fighting.}) 30... Rh8 {[%csl Gh8][%cal Rh4h1]} 31. Kf1 d4 32. Bc1 d3 {[%cal Rh4h1]} 33. g4 (33. g3 $142 Qh1+ 34. Qxh1 Rxh1+ 35. Kg2 Rxe1 36. Rxe1) 33... Qh1+ (33... e4 $142 {( -> ...Qh1#)} 34. Qxe4 {[#]} Rde8 $1 {[%mdl 512]}) 34. Qxh1 Rxh1+ 35. Kg2 Rxe1 {[%mdl 64] Overworked Piece} 36. Rxe1 d2 37. Bxd2 Rxd2 {[%mdl 4096] Endgame KRB-KR} 38. g5 Bxg5 39. Rxe5 Bh4 40. Ra5 Rxb2 41. Rxa6 Rxf2+ 42. Kh3 Bf6 43. c4 Be5 {Black mates.} 44. a4 f5 {[%csl Ge5][%cal Rf2h2]} 45. Kh4 Bf4 {Accuracy: White = 34%, Black = 83%.} 0-1

[Event "V Sunway Sitges Open 2018"]
[Site "Sitges"]
[Date "2018.12.20"]
[Round "7"]
[White "Mullick, Raahil"]
[Black "Dragnev, Valentin"]
[Result "0-1"]
[WhiteElo "2276"]
[BlackElo "2483"]
[Annotator "TA"]
[PlyCount "106"]
[EventDate "2018.12.14"]
[EventType "swiss"]
[EventCountry "ESP"]
[SourceTitle "playchess.com"]
[Source "ChessBase"]
[SourceQuality "1"]

{[%evp 21,106,38,38,37,28,39,31,37,43,25,40,0,31,7,7,0,0,0,0,0,2,12,18,15,20,20,3,0,27,30,26,19,32,-10,-11,-41,-33,-57,-18,-35,-18,-33,-20,-22,0,-25,0,0,44,0,31,11,59,0,0,-16,48,-15,0,-60,-60,-56,-55,-72,-72,-77,-77,-95,-76,-76,-76,-79,-76,-97,-106,-105,-105,-106,-80,-85,-70,-105,-89,-250,-239,-1513,-1286]} 1. e4 e5 2. Nf3 Nc6 3. Bb5 a6 4. Ba4 Nf6 5. O-O Be7 6. Re1 b5 7. Bb3 d6 8. c3 Na5 9. Bc2 c5 10. d4 exd4 {C90: Closed Ruy Lopez with 7...d6: Early deviations} 11. cxd4 Bg4 {LiveBook: 5 Games} 12. d5 Nd7 $146 {[%cal Bf6d7,Bd7b6,Bb6c4][%mdl 32] White is slightly better.} ({Predecessor:} 12... Nc4 13. h3 Bxf3 14. Qxf3 Nd7 15. a4 O-O 16. b3 Nce5 17. Qe2 Bf6 18. Ra2 {½-½ (58) Kanovsky,D (2414)-Ragger,M (2690) Czech Republic 2018}) 13. Nbd2 Bg5 14. h3 Bxf3 15. Qxf3 O-O 16. g3 Re8 17. Qe2 Nb6 18. f4 Bf6 19. Qd1 Nac4 20. Nxc4 $1 Nxc4 21. Rb1 Bd4+ 22. Kg2 Qf6 23. b3 Nb6 24. Bd2 b4 25. Bd3 Re7 26. Qc2 g6 27. Rf1 Rea7 28. f5 {[#] fxg6 is the strong threat.} Qe7 29. Qc1 Nd7 30. fxg6 fxg6 31. Bg5 Qe8 32. Bf4 Be5 33. Bg5 Nf8 34. Bh6 Bg7 35. Bf4 Rd8 36. Qc2 a5 37. Bg5 (37. e5 $14 Bxe5 38. Rbe1) 37... Rb8 $11 38. Bf4 Rb6 ({Black should play} 38... Qe7 $11) 39. Bc4 (39. e5 $14) 39... a4 40. Rbe1 (40. e5 $11 axb3 41. axb3 Bxe5 42. Rbe1) 40... axb3 $15 41. axb3 Nd7 42. Re2 Bd4 43. Bh6 Rb8 {[%cal Bb6b8,Bb8a8,Ba8a1][%mdl 32]} 44. h4 Ne5 45. Bf4 Rba8 46. Bxe5 Qxe5 47. Qd3 Ra1 48. Rxa1 Rxa1 49. Qf3 Qe7 50. Qg4 Kg7 $40 {[%mdl 128] Black mounts an attack.} 51. Qe6 Qf8 52. Kh3 $2 (52. Rd2 $17 {might work better.}) 52... h5 $19 {[#] ( -> ...Kh6)} 53. Rh2 $2 (53. e5 Bxe5 54. Re3) 53... Be5 {Accuracy: White = 38%, Black = 49%.} 0-1

[Event "V Sunway Sitges Open 2018"]
[Site "Sitges"]
[Date "2018.12.20"]
[Round "7"]
[White "Pranav Anand"]
[Black "Wang, Kevin"]
[Result "0-1"]
[WhiteElo "2274"]
[BlackElo "2449"]
[Annotator "ChessBase"]
[PlyCount "76"]
[EventDate "2018.12.14"]
[EventType "swiss"]
[EventCountry "ESP"]
[SourceTitle "playchess.com"]
[Source "ChessBase"]
[SourceQuality "1"]
[TimeControl "40/5400+30:1800+30"]

1. d4 {[%emt 0:00:00]} Nf6 {[%emt 0:00:00]} 2. c4 {[%emt 0:00:00]} e6 {[%emt 0:00:11]} 3. Nf3 {[%emt 0:00:00]} d5 {[%emt 0:00:30]} 4. g3 {[%emt 0:00:00]} Bb4+ {[%emt 0:00:33]} 5. Bd2 {[%emt 0:00:00]} Bd6 {[%emt 0:00:32]} 6. Nc3 {[%emt 0:00:25]} O-O {[%emt 0:04:21]} 7. Bg5 {[%emt 0:00:20]} Be7 {[%emt 0:03:28]} 8. Bg2 {[%emt 0:04:35]} Nbd7 {[%emt 0:06:21]} 9. O-O {[%emt 0:01:17]} c6 {[%emt 0:06:08]} 10. Qc2 {[%emt 0:04:16]} dxc4 {[%emt 0:07:46]} 11. Nd2 {[%emt 0:12:29]} Nb6 {[%emt 0:06:24]} 12. e3 {[%emt 0:06:39]} e5 {[%emt 0:04:03]} 13. dxe5 {[%emt 0:17:31]} Ng4 {[%emt 0:03:01]} 14. Bxe7 {[%emt 0:02:30]} Qxe7 {[%emt 0:00:02]} 15. Na4 {[%emt 0:02:53]} Nxa4 {[%emt 0:05:17]} 16. Qxa4 {[%emt 0:00:02]} Nxe5 {[%emt 0:01:46]} 17. Qc2 {[%emt 0:09:23]} Be6 {[%emt 0:09:43]} 18. Qc3 {[%emt 0:07:42]} Rad8 {[%emt 0:04:55]} 19. Qxe5 {[%emt 0:01:23]} Rxd2 {[%emt 0:00:23]} 20. Rfd1 {[%emt 0:00:06]} Rxd1+ {[%emt 0:04:55]} 21. Rxd1 {[%emt 0:00:19]} Rd8 {[%emt 0:00:14]} 22. Rxd8+ {[%emt 0:03:34]} Qxd8 {[%emt 0:00:33]} 23. h4 {[%emt 0:00:05]} h6 {[%emt 0:01:12]} 24. Be4 {[%emt 0:05:08]} a5 {[%emt 0:03:00]} 25. a3 {[%emt 0:02:20]} Bd5 {[%emt 0:03:18]} 26. Bc2 {[%emt 0:01:28]} b5 {[%emt 0:01:33]} 27. h5 {[%emt 0:03:23]} b4 {[%emt 0:04:17]} 28. axb4 {[%emt 0:00:34]} axb4 {[%emt 0:00:16]} 29. Qf5 {[%emt 0:05:19]} b3 {[%emt 0:02:58]} 30. Bb1 {[%emt 0:05:32]} Kf8 {[%emt 0:01:43]} 31. Kh2 {[%emt 0:02:09]} Qe8 {[%emt 0:04:40]} 32. e4 {[%emt 0:03:02]} Be6 {[%emt 0:00:25]} 33. Qc5+ {[%emt 0:00:22]} Kg8 {[%emt 0:00:06]} 34. Qd6 {[%emt 0:01:30]} f6 {[%emt 0:01:11]} 35. Kg2 {[%emt 0:00:11]} Bg4 {[%emt 0:05:36]} 36. Qc5 {[%emt 0:00:42]} Bxh5 {[%emt 0:04:25]} 37. Qxc4+ {[%emt 0:00:05]} Bf7 {[%emt 0:00:02]} 38. f4 {[%emt 0:01:12]} Bxc4 {[%emt 0:00:03]} 0-1

[Event "V Sunway Sitges Open 2018"]
[Site "Sitges"]
[Date "2018.12.20"]
[Round "7"]
[White "Sanchez Lopez, Juan Manuel"]
[Black "Kholopov, Alexander A."]
[Result "0-1"]
[WhiteElo "2065"]
[BlackElo "2210"]
[Annotator "NA"]
[PlyCount "80"]
[EventDate "2018.12.14"]
[EventType "swiss"]
[EventCountry "ESP"]
[SourceTitle "playchess.com"]
[Source "ChessBase"]
[SourceQuality "1"]
[TimeControl "40/5400+30:1800+30"]

1. c4 {[%emt 0:25:45]} e6 {[%emt 0:00:00]} 2. e4 {[%emt 0:00:05]} c5 {[%emt 0:00:03]} 3. Nc3 {[%emt 0:00:05]} Nc6 {[%emt 0:00:02]} 4. g3 {[%emt 0:00:10]} Nf6 {[%emt 0:00:44]} 5. Bg2 {[%emt 0:00:05]} d5 {[%emt 0:00:06]} 6. cxd5 {[%emt 0:03:25] A19: English Opening: Flohr-Mikenas System with 3...c5} (6. exd5 exd5 7. cxd5 Nb4 8. d3 Nfxd5 9. Nxd5 Nxd5 10. Ne2 Be7 11. O-O O-O 12. d4 cxd4 13. Nxd4 Bf6 14. Re1 a6 15. Be4 h6 16. Nf5 Bxf5 17. Bxf5 Ne7 18. Be4 Nc6 {½-½ (32) Lovkov,R (2414)-Safarli,E (2607) St Petersburg 2010}) 6... exd5 {[%emt 0:00:05]} 7. Nge2 {[%emt 0:01:00]} d4 {[%emt 0:12:08]} 8. Nd5 $146 {[%emt 0:01:19]} ({Predecessor:} 8. Nb1 Nb4 9. Nf4 g5 10. Nh3 Bxh3 11. Bxh3 Nd3+ 12. Ke2 Nxe4 13. Rf1 Nxc1+ 14. Qxc1 d3+ 15. Kf3 Qd5 16. Re1 f5 17. g4 Kf7 18. b3 Nc3+ 19. Ke3 f4# {0-1 (19) Beck Erlach,M-Piroli,M Germany 1995}) 8... Nxd5 {[%emt 0:00:11]} 9. exd5 {[%emt 0:00:13]} Nb4 {[%emt 0:00:03]} 10. O-O {[%emt 0:00:22]} Nxd5 {[%emt 0:09:52]} 11. Qb3 {[%emt 0:08:05]} Nb6 {[%emt 0:00:09]} 12. Nf4 {[%emt 0:03:58]} Be7 {[%emt 0:01:48]} 13. a4 {[%emt 0:01:36]} Rb8 {[%emt 0:32:19]} 14. a5 {[%emt 0:02:41]} Nd7 {[%emt 0:09:04]} 15. Nd5 {[%emt 0:14:57]} O-O {[%emt 0:00:56]} 16. Nxe7+ {[%emt 0:01:32]} Qxe7 {[%emt 0:00:03]} 17. d3 {[%emt 0:00:22]} Ne5 {[%emt 0:11:22]} 18. Bf4 {[%emt 0:01:46]} g5 {[%emt 0:00:50]} 19. Bxg5 $11 {[%emt 0:02:17]} (19. Bxe5 $5 Qxe5 20. Rae1 $11) 19... Qxg5 {[%emt 0:00:03]} 20. f4 {[%emt 0:00:08]} Be6 {[%emt 0:04:48]} 21. Qc2 {[%emt 0:00:48]} Qh5 {[%emt 0:00:30]} 22. fxe5 {[%emt 0:00:11]} Qxe5 {[%emt 0:00:03]} 23. Rae1 {[%emt 0:00:09]} Qg5 {[%emt 0:00:05]} 24. Rf4 {[%emt 0:03:13]} b6 {[%emt 0:00:42]} 25. Rfe4 {[%emt 0:01:51]} Qg6 {[%emt 0:07:13]} 26. Re5 {[%emt 0:03:52]} Rbe8 {[%emt 0:02:58]} 27. Qd2 {[%emt 0:03:41]} h6 {[%emt 0:02:29]} 28. Qf4 {[%emt 0:10:12]} Kg7 {[%emt 0:01:21]} 29. Qh4 {[%emt 0:02:34]} Bd7 {[%emt 0:00:30]} 30. Rxe8 {[%emt 0:01:51]} Rxe8 {[%emt 0:00:05]} 31. Rxe8 {[%emt 0:00:16]} Bxe8 {[%emt 0:00:03]} 32. Be4 {[%emt 0:00:22]} Qg5 {[%emt 0:00:08]} 33. Qh3 {[%emt 0:00:30]} Qc1+ {[%emt 0:00:40]} 34. Kg2 {[%emt 0:00:46]} Qxb2+ {[%emt 0:00:10]} 35. Kf3 {[%emt 0:00:38]} Qc1 {[%emt 0:00:50]} 36. Qc8 {[%emt 0:01:23]} Qf1+ {[%emt 0:00:38]} 37. Kg4 {[%emt 0:00:19]} Ba4 {[%emt 0:00:01]} 38. axb6 {[%emt 0:01:09]} Bd1+ {[%emt 0:01:06]} 39. Kh4 {[%emt 0:00:25]} axb6 {[%emt 0:00:25]} 40. Bf5 {[%emt 0:00:00]} Qf3 {[%emt 0:00:00]} 0-1

[Event "V Sunway Sitges Open 2018"]
[Site "Sitges"]
[Date "2018.12.20"]
[Round "7"]
[White "Walter Travella, German"]
[Black "Martinez Liria, Pedro"]
[Result "1-0"]
[WhiteElo "1917"]
[BlackElo "1907"]
[Annotator "NA RC"]
[PlyCount "117"]
[EventDate "2018.12.14"]
[EventType "swiss"]
[EventCountry "ESP"]
[SourceTitle "playchess.com"]
[Source "ChessBase"]
[SourceQuality "1"]
[TimeControl "40/5400+30:1800+30"]

1. e4 {[%emt 0:01:42]} e5 {[%emt 0:00:00]} 2. Nf3 {[%emt 0:01:27]} d6 {[%emt 0:00:33]} 3. d4 {[%emt 0:00:51]} Nd7 {[%emt 0:00:06]} 4. c3 {[%emt 0:02:24]} Ngf6 {[%emt 0:01:16] C41: Philidor Defence} 5. Bc4 {[%emt 0:05:40]} (5. Bd3 Be7 6. O-O O-O 7. Re1 c6 8. h3 Re8 9. a4 Qc7 10. Nbd2 a5 11. Nf1 Bf8 12. Ng3 g6 13. Be3 Bg7 14. Qd2 Nf8 15. Rad1 {½-½ (52) Pakleza,Z (2495)-Panchanathan,M (2486) Badalona 2008}) 5... h6 {[%emt 0:00:23]} 6. Qb3 {[%emt 0:04:14]} Qe7 {[%emt 0:00:31]} 7. O-O {[%emt 0:00:45]} g5 $146 {[%emt 0:10:29]} ({Predecessor:} 7... Nxe4 8. Re1 Nef6 9. dxe5 dxe5 10. Bf4 Nc5 11. Qc2 Be6 12. Rxe5 Ncd7 {1-0 (35) Alonso Pardo,D (1581)-Arias Bellido,S (1324) Madrid 2016}) 8. Bd3 {[%emt 0:02:52]} Bg7 {[%emt 0:00:28]} 9. Be3 {[%emt 0:04:29]} Nh5 {[%emt 0:06:19]} 10. Re1 {[%emt 0:03:39]} Nf4 {[%emt 0:05:51]} 11. Bxf4 {[%emt 0:00:37]} gxf4 {[%emt 0:00:07]} 12. Na3 {[%emt 0:04:52]} Nf8 {[%emt 0:04:08]} 13. Nc4 {[%emt 0:01:34]} Ng6 {[%emt 0:04:05]} 14. Na5 {[%emt 0:04:18]} O-O {[%emt 0:02:13]} 15. Nc4 {[%emt 0:04:19]} Bg4 {[%emt 0:01:55]} 16. Ncd2 {[%emt 0:01:01]} Rab8 {[%emt 0:03:40]} 17. Kf1 {[%emt 0:05:31]} Kh8 {[%emt 0:02:32]} 18. Qa3 {[%emt 0:02:51]} a6 {[%emt 0:06:59]} 19. h3 {[%emt 0:00:41]} Bd7 {[%emt 0:01:32]} 20. Ke2 {[%emt 0:14:18]} Rg8 {[%emt 0:09:54]} 21. Rh1 {[%emt 0:00:24]} c5 {[%emt 0:04:12]} 22. dxc5 {[%emt 0:03:16]} dxc5 {[%emt 0:00:07]} 23. Bc4 {[%emt 0:01:46]} b5 {[%emt 0:09:11]} 24. Bd5 {[%emt 0:00:37]} b4 {[%emt 0:05:28]} 25. Qb3 {[%emt 0:00:31]} Rgf8 {[%emt 0:00:41]} 26. c4 {[%emt 0:01:20]} a5 {[%emt 0:02:17]} 27. Rag1 {[%emt 0:00:31]} Rb6 {[%emt 0:01:09]} 28. Kf1 {[%emt 0:04:21]} Rg8 {[%emt 0:02:21]} 29. h4 {[%emt 0:00:53]} Bf6 {[%emt 0:01:33]} 30. Ng5 {[%emt 0:03:14]} Rg7 {[%emt 0:03:57]} 31. Ndf3 {[%emt 0:06:21]} Kg8 {[%emt 0:00:26]} 32. h5 {[%emt 0:01:40]} Nf8 {[%emt 0:00:52]} 33. Nh3 {[%emt 0:01:13]} Ne6 {[%emt 0:02:09]} 34. g3 {[%emt 0:01:09]} a4 {[%emt 0:04:25]} 35. Qd3 {[%emt 0:01:45]} fxg3 {[%emt 0:00:40]} 36. Rxg3 {[%emt 0:00:41]} Nf4 {[%emt 0:00:34]} 37. Rxg7+ {[%emt 0:01:05]} Kxg7 {[%emt 0:00:33]} 38. Nxf4 {[%emt 0:00:54]} exf4 {[%emt 0:00:03]} 39. Rg1+ {[%emt 0:00:59]} Bg5 {[%emt 0:02:51]} 40. e5 {[%emt 0:00:00]} Kf8 {[%emt 0:00:00]} 41. Qh7 {[%emt 0:03:06]} Bh3+ {[%emt 0:03:17]} 42. Ke1 {[%emt 0:00:24]} Ke8 {[%emt 0:00:12]} 43. Qg8+ {[%emt 0:00:52]} Kd7 {[%emt 0:01:14]} 44. Nxg5 {[%emt 0:01:12]} hxg5 {[%emt 0:00:44]} 45. Rxg5 {[%emt 0:01:17]} Be6 {[%emt 0:01:13]} 46. h6 {[%emt 0:01:52]} Bxd5 {[%emt 0:00:46]} 47. h7 {[%emt 0:00:46]} Rh6 {[%emt 0:00:13]} 48. cxd5 {[%emt 0:01:05]} Rxh7 {[%emt 0:00:41]} 49. Qxh7 {[%emt 0:02:25]} Qxg5 {[%emt 0:00:52]} 50. Qxf7+ {[%emt 0:00:11]} Qe7 {[%emt 0:02:12]} 51. Qxf4 {[%emt 0:08:46]} Kc8 {[%emt 0:00:28]} 52. Qf5+ $18 {[%emt 0:00:44]} Kb7 {[%emt 0:00:22]} 53. d6 {[%emt 0:02:53]} Qh4 {[%emt 0:00:40]} 54. Qd7+ {[%emt 0:00:35]} Kb6 {[%emt 0:00:15]} 55. Qc7+ {[%emt 0:01:05]} Kb5 {[%emt 0:00:07]} 56. Qb7+ {[%emt 0:00:43]} Kc4 {[%emt 0:00:08]} 57. Qf3 {[%emt 0:01:00]} Qh7 {[%emt 0:01:39]} 58. Kd2 {[%emt 0:02:38]} Qb1 {[%emt 0:00:53]} 59. b3+ {[%emt 0:00:18] Kd5} 1-0

[Event "V Sunway Sitges Open 2018"]
[Site "Sitges"]
[Date "2018.12.20"]
[Round "7"]
[White "Arias Castanedo, Jacinto"]
[Black "Sosa Suarez, Carla Cristina"]
[Result "0-1"]
[WhiteElo "1811"]
[BlackElo "1939"]
[Annotator "NA"]
[PlyCount "102"]
[EventDate "2018.12.14"]
[EventType "swiss"]
[EventCountry "ESP"]
[SourceTitle "playchess.com"]
[Source "ChessBase"]
[SourceQuality "1"]
[TimeControl "40/5400+30:1800+30"]

1. d4 {[%emt 0:08:22]} e6 {[%emt 0:00:00]} 2. Nf3 {[%emt 0:00:09]} d5 {[%emt 0:00:03]} 3. e3 {[%emt 0:00:07]} Nf6 {[%emt 0:00:18]} 4. Bd3 {[%emt 0:00:57]} Nbd7 {[%emt 0:06:26]} 5. Nbd2 {[%emt 0:00:30]} c5 {[%emt 0:01:17]} 6. c3 {[%emt 0:00:10]} Bd6 {[%emt 0:03:01]} 7. O-O {[%emt 0:00:29]} O-O 8. e4 {[%emt 0:02:37]} dxe4 {[%emt 0:04:16]} 9. Nxe4 {[%emt 0:00:11]} Nxe4 {[%emt 0:00:56]} 10. Bxe4 {[%emt 0:00:12]} h6 {[%emt 0:03:14]} 11. Re1 {[%emt 0:05:01] LiveBook: 3 Games B17: Caro-Kann: Modern Line (4...Nd7)} (11. Bc2 Qc7 12. Re1 Rd8 13. h3 Nf6 14. Qe2 cxd4 15. Nxd4 Bh2+ 16. Kh1 Bf4 17. Nb5 Qb8 18. a4 Bd7 19. Bxf4 Qxf4 {½-½ (48) Kamsky,G (2595)-Karpov,A (2730) Tilburg 1991}) 11... Nf6 {[%emt 0:02:08]} 12. Bc2 {[%emt 0:00:49]} Qc7 {[%emt 0:04:57]} 13. h3 {[%emt 0:00:33]} (13. dxc5 $14 Bxc5 14. Ne5) 13... b6 {[%emt 0:08:10]} 14. Qe2 {[%emt 0:01:49]} Bb7 {[%emt 0:04:25]} 15. dxc5 $146 {[%emt 0:01:38]} ({Predecessor:} 15. Be3 Rfd8 16. Rad1 c4 17. Bc1 {0-1 (69) Kirchhammer,R-Funke,E Leipzig 1956}) 15... Bxc5 {[%emt 0:01:35]} 16. Be3 {[%emt 0:06:53]} a5 {[%emt 0:05:56]} 17. Bxc5 {[%emt 0:11:12]} Qxc5 {[%emt 0:00:39]} 18. Ne5 {[%emt 0:07:40]} Qd5 {[%emt 0:07:32]} 19. f3 {[%emt 0:03:17]} Rad8 {[%emt 0:06:07]} 20. Bb3 {[%emt 0:16:40]} Qc5+ {[%emt 0:02:18]} 21. Qf2 {[%emt 0:09:54]} Qxf2+ {[%emt 0:08:26]} 22. Kxf2 {[%emt 0:02:03]} Rd2+ {[%emt 0:00:51]} 23. Re2 {[%emt 0:00:12]} Rfd8 {[%emt 0:05:19]} 24. Rae1 {[%emt 0:00:59]} Ba6 {[%emt 0:02:19]} 25. Nc4 {[%emt 0:02:26]} Rxe2+ {[%emt 0:01:45]} 26. Rxe2 {[%emt 0:00:32]} a4 {[%emt 0:00:14]} 27. Rd2 {[%emt 0:01:38]} Rxd2+ {[%emt 0:00:33]} 28. Nxd2 {[%emt 0:00:10]} axb3 {[%emt 0:00:03]} 29. Nxb3 {[%emt 0:02:23]} Nd5 {[%emt 0:01:08]} 30. g3 {[%emt 0:00:57]} Bc4 {[%emt 0:02:09]} 31. Nc1 {[%emt 0:00:12]} Ba6 {[%emt 0:00:56]} 32. Nb3 {[%emt 0:00:38]} Kf8 {[%emt 0:02:21]} 33. Nd2 {[%emt 0:00:58]} Ke7 {[%emt 0:02:00]} 34. a3 {[%emt 0:01:36]} f5 {[%emt 0:01:02]} 35. c4 {[%emt 0:00:40]} Nf6 {[%emt 0:00:35]} 36. Ke3 {[%emt 0:00:12]} e5 {[%emt 0:00:41]} 37. b3 {[%emt 0:00:32]} g6 {[%emt 0:01:18]} 38. b4 {[%emt 0:03:26]} Kd6 {[%emt 0:01:48]} 39. a4 {[%emt 0:04:44]} Nh5 {[%emt 0:03:28]} 40. Kf2 {[%emt 0:00:00]} Nf6 {[%emt 0:00:00]} 41. Ke3 {[%emt 0:01:36]} Ne8 {[%emt 0:07:21]} 42. Kd3 {[%emt 0:02:43]} Nc7 {[%emt 0:05:05]} 43. Kc3 {[%emt 0:02:17]} Bb7 {[%emt 0:01:41]} 44. Nb3 {[%emt 0:06:25]} Bxf3 {[%emt 0:02:46]} 45. c5+ {[%emt 0:01:52]} bxc5 {[%emt 0:00:51]} 46. Nxc5 $11 {[%emt 0:00:18]} Nd5+ {[%emt 0:03:51]} 47. Kb3 {[%emt 0:00:14]} Nc7 $2 {[%emt 0:03:38]} (47... Bd1+ $19 48. Ka3 e4) 48. Nd3 $2 {[%emt 0:00:49]} e4 {[%emt 0:02:13]} 49. Ne1 {[%emt 0:00:14]} Bd1+ {[%emt 0:00:22]} 50. Ka3 {[%emt 0:00:10]} g5 $19 {[%emt 0:00:50]} 51. Ng2 {[%emt 0:00:40]} Nd5 {[%emt 0:01:26]} 0-1

[Event "V Sunway Sitges Open 2018"]
[Site "Sitges"]
[Date "2018.12.20"]
[Round "7"]
[White "Jenny, Gerald"]
[Black "Orti Boix, Miguel"]
[Result "1/2-1/2"]
[WhiteElo "1807"]
[BlackElo "1589"]
[Annotator "NA RC"]
[PlyCount "103"]
[EventDate "2018.12.14"]
[EventType "swiss"]
[EventCountry "ESP"]
[SourceTitle "playchess.com"]
[Source "ChessBase"]
[SourceQuality "1"]
[TimeControl "40/5400+30:1800+30"]

1. d4 {[%emt 0:00:00]} f5 {[%emt 0:00:57]} 2. c4 {[%emt 0:00:00]} Nf6 {[%emt 0:00:15]} 3. Nc3 {[%emt 0:00:00]} e6 {[%emt 0:00:23]} 4. Nf3 {[%emt 0:00:18]} Be7 {[%emt 0:01:45]} 5. Bf4 {[%emt 0:00:14]} c6 {[%emt 0:01:22]} 6. Qc2 {[%emt 0:00:35]} d5 {[%emt 0:01:48]} 7. e3 {[%emt 0:00:05]} O-O {[%emt 0:00:45]} 8. Bd3 {[%emt 0:00:19]} Ne4 {[%emt 0:02:57]} 9. g4 {[%emt 0:02:44]} g5 {[%emt 0:12:26] A84: Dutch Defence: 2 c4 Miscellaneous} 10. Be5 {[%emt 0:08:45]} Nd7 {[%emt 0:06:09]} 11. h4 {[%emt 0:12:06]} gxh4 {[%emt 0:07:54]} 12. gxf5 {[%emt 0:00:28]} Nxe5 {[%emt 0:01:14]} 13. Nxe5 {[%emt 0:00:22]} exf5 {[%emt 0:00:57] [#]} 14. O-O-O $146 {[%emt 0:05:27]} ({Predecessor:} 14. cxd5 Nxc3 15. bxc3 cxd5 16. Qe2 Be6 17. Qh5 {1-0 (29) Khenkin,I (2638)-Vladimirov,V (2109) Tashkent 2013}) 14... Be6 {[%emt 0:01:40]} 15. c5 {[%emt 0:00:15]} Bf6 {[%emt 0:05:14]} 16. Nf3 {[%emt 0:06:12]} a5 {[%emt 0:01:03]} 17. Rh2 {[%emt 0:00:21]} Kh8 {[%emt 0:02:24]} 18. Rdh1 {[%emt 0:00:58]} Rg8 {[%emt 0:04:48]} 19. Nxh4 {[%emt 0:03:17]} Bxh4 {[%emt 0:00:38]} 20. Ne2 {[%emt 0:03:48]} Rg7 {[%emt 0:10:05]} 21. Rxh4 {[%emt 0:08:54]} Qg5 {[%emt 0:08:12]} 22. R4h2 {[%emt 0:07:24]} Nxf2 {[%emt 0:02:58]} 23. Nf4 {[%emt 0:06:18]} Nxh1 {[%emt 0:04:47]} 24. Rxh1 {[%emt 0:00:11]} Rf8 {[%emt 0:05:20]} 25. Kd2 {[%emt 0:00:52]} Bd7 {[%emt 0:01:31]} 26. Kc3 {[%emt 0:00:32]} Re7 {[%emt 0:03:22]} 27. Qf2 {[%emt 0:01:16]} Rg8 {[%emt 0:01:08]} 28. Rh3 {[%emt 0:08:29]} Rgg7 {[%emt 0:03:52]} 29. Nh5 {[%emt 0:00:30]} Rgf7 {[%emt 0:01:16]} 30. Nf4 {[%emt 0:01:19]} Rg7 {[%emt 0:02:31]} 31. Nh5 {[%emt 0:01:25]} Qg1 {[%emt 0:01:54]} 32. Qh4 {[%emt 0:01:39]} Qg4 {[%emt 0:01:14]} 33. Nxg7 {[%emt 0:02:42]} Qxh4 {[%emt 0:00:36]} 34. Rxh4 {[%emt 0:00:06]} Rxg7 {[%emt 0:00:08]} 35. Rf4 {[%emt 0:00:47]} Rg3 {[%emt 0:00:57]} 36. Kd2 {[%emt 0:00:48]} Rg2+ {[%emt 0:00:51]} 37. Kc3 {[%emt 0:00:02]} Rg5 {[%emt 0:00:35]} 38. a3 {[%emt 0:01:05]} Kg7 {[%emt 0:00:25]} 39. b4 {[%emt 0:00:08]} axb4+ {[%emt 0:00:10]} 40. Kxb4 {[%emt 0:00:00]} Kf6 {[%emt 0:00:00]} 41. Ka5 {[%emt 0:01:03]} Rg3 42. a4 {[%emt 0:05:38]} Rxe3 {[%emt 0:03:14]} 43. Bc2 {[%emt 0:00:14]} Re2 {[%emt 0:00:50]} 44. Bd1 {[%emt 0:00:49]} Rb2 {[%emt 0:03:49]} 45. Rh4 {[%emt 0:01:37]} Kg7 {[%emt 0:01:10]} 46. Rh3 {[%emt 0:03:57]} f4 {[%emt 0:05:10]} 47. Rh1 $2 {[%emt 0:04:27]} (47. Rh4 $17 {was the only defense.}) 47... h6 $2 {[%emt 0:08:03]} (47... Rb1 48. Rxh7+ {[%mdl 64] Decoy} Kxh7 49. Bc2+ Kh6 50. Bxb1 Kg5) 48. Rf1 $2 {[%emt 0:00:49]} (48. Rh4 $17 {nothing else works.}) 48... Rb1 {[%emt 0:00:45]} (48... Bf5 $19 49. Rxf4 Kg6) 49. Be2 {[%emt 0:01:56]} Rb2 $2 {[%emt 0:02:42]} ({Better is} 49... Rxf1 $19 50. Bxf1 h5) 50. Bd1 {[%emt 0:00:14]} Rd2 $2 {[%emt 0:04:10]} 51. Kb6 {[%emt 0:00:04]} Rxd4 {[%emt 0:00:21]} 52. Kxb7 $11 1/2-1/2